000 00556nam a2200181 i 4500
001 26323
003 ES-MaACL
005 20230906153425.0
007 t|
008 030108s1979 xxk ||||1| eng d
020 _a0-19-811588-1
245 0 0 _aArthurian literature in the Middle Ages
_b: a collaborative history /
_cedited by Roger Sherman Loomis.
260 _aOxford :
_bClarendon Press,
_c1979.
300 _aXVI, 574 p., 8 lám. ;
_c24 cm.
500 _aIndice.
700 1 _aLoomis, Roger Sherman.
_973264
852 _aES-MaACL
_jL-11626
_bR.113574
999 _c26323
_d26323